| 000 | 00796nam a2200229 a 4500 | ||
|---|---|---|---|
| 001 | 000025880 | ||
| 005 | 20200930024124.0 | ||
| 008 | 110223s1975 mx ad r 000 0 spa d | ||
| 040 |
_aDO-SdBNP _bspa _cBNPHU |
||
| 041 | 1 | 7 |
_aspa _heng |
| 082 |
_axxxx _bW534a, 1975 |
||
| 100 | 1 |
_aWeston, J. Fred _d1916- _952734 |
|
| 240 | 1 | 0 |
_aEssntials of managerial finance _lEspañol. |
| 245 | 1 | 0 |
_aAdministración financiera de empresa / _cJ. Fred Weston, Eugene F. Brigham ; traducido al español por Vicente Agut Armer. |
| 250 | _a3a ed. | ||
| 260 |
_aMéxico, D. F. : _bInteramericana, _c1975. |
||
| 300 |
_axv, 607 p. : _bil., ; _c23 cm. |
||
| 500 | _aIncluye apéndice | ||
| 590 | _aInventariado, 2019 /LP | ||
| 700 | 1 |
_aBrigham, Eugene F. _952735 |
|
| 700 | 1 |
_aArmer, Vicente Agut, _etraducción _952736 |
|
| 999 |
_c25372 _d25372 |
||